Central Library OPAC University of Rajshahi

Molecular biology of the cell / (Record no. 36814)

MARC details
000 -LEADER
fixed length control field 02328nam a2200433 a 4500
001 - CONTROL NUMBER
control field 36814
003 - CONTROL NUMBER IDENTIFIER
rucl marc code BD-RjUL
005 - DATE AND TIME OF LATEST TRANSACTION
control field 20211209052539.0
008 - FIXED-LENGTH DATA ELEMENTS--GENERAL INFORMATION
fixed length control field 140915s2008 nyua b 001 0 eng
020 ## - INTERNATIONAL STANDARD BOOK NUMBER
International Standard Book Number 9780815341055 (hardcover)
International Standard Book Number 0815341059 (hardcover)
International Standard Book Number 0815341067 (pbk.)
International Standard Book Number 9780815341062 (pbk.)
035 ## - SYSTEM CONTROL NUMBER
System control number (OCoLC)ocm82473851
040 ## - CATALOGING SOURCE
Original cataloging agency DLC
Transcribing agency DLC
Modifying agency BAKER
-- BTCTA
-- C#P
-- YDXCP
-- VAM
-- VET
-- NLGGC
-- UKM
-- VRC
-- GZM
-- MBB
-- DLC
-- BD-RjUL
Language of cataloging eng
041 ## - LANGUAGE CODE
Language code of text/sound track or separate title eng
082 00 - DEWEY DECIMAL CLASSIFICATION NUMBER
Classification number 571.6
Edition number 22
245 00 - TITLE STATEMENT
Title Molecular biology of the cell /
Statement of responsibility, etc. Bruce Alberts ... [et al.] ; with problems by John Wilson, Tim Hunt.
250 ## - EDITION STATEMENT
Edition statement 5th ed.
260 ## - PUBLICATION, DISTRIBUTION, ETC. (IMPRINT)
Place of publication, distribution, etc. New York :
Name of publisher, distributor, etc. Garland Science,
Date of publication, distribution, etc. c2008.
300 ## - PHYSICAL DESCRIPTION
Pagination 1 v. (various pagings) :
Illustrations ill. (chiefly col.) ;
Size 28 cm. +
504 ## - BIBLIOGRAPHY, ETC. NOTE
Bibliography, etc Includes bibliographical references and index.
505 0# - FORMATTED CONTENTS NOTE
Formatted contents note Cells and genomes -- Cell chemistry and biosynthesis -- Proteins -- DNA, chromosomes, and genomes -- DNA replication, repair, and recombination -- How cells read the genome: from DNA to protein -- Control of gene expression -- Manipulating proteins, DNA, and RNA -- Visualizing cells -- Membrane structure -- Membrane transport of small molecules and the electrical properties of membranes -- Intracellular compartments and protein sorting -- Intracellular vesicular traffic -- Energy conversion: mitochondria and chloroplasts -- Mechanisms of cell communication -- The cytoskeleton -- The cell cycle -- Apoptosis -- Cell junctions, cell adhesion, and the extracellular matrix -- Cancer -- Sexual reproduction: meiosis, germ cells, and fertilization -- Development of multicellular organisms -- Specialized tissues, stem cells, and tissue renewal -- Pathogens, infection, and innate immunity -- The adaptive immune system.
Formatted contents note Tables: The genetic code, amino acids.
650 #0 - SUBJECT ADDED ENTRY--TOPICAL TERM
Topical term or geographic name as entry element Cytology.
9 (RLIN) 112290
Topical term or geographic name as entry element Molecular biology.
9 (RLIN) 112291
Topical term or geographic name as entry element Cells
9 (RLIN) 112292
Topical term or geographic name as entry element Cell Communication
9 (RLIN) 34086
Topical term or geographic name as entry element Cell Membrane
9 (RLIN) 112293
Topical term or geographic name as entry element Stem Cells
9 (RLIN) 34088
Topical term or geographic name as entry element DNA
9 (RLIN) 112294
Topical term or geographic name as entry element Amino Acids
9 (RLIN) 112295
Topical term or geographic name as entry element Neoplasms
9 (RLIN) 112296
Topical term or geographic name as entry element Molecular Biology
9 (RLIN) 112297
700 1# - ADDED ENTRY--PERSONAL NAME
Personal name Alberts, Bruce.
942 ## - ADDED ENTRY ELEMENTS (KOHA)
Source of classification or shelving scheme Dewey Decimal Classification
Koha item type Books
Holdings
Lost status Source of classification or shelving scheme Damaged status Not for loan Permanent Location Current Location Shelving location Date acquired Total Checkouts Full call number Date last seen Copy number Koha item type
  Dewey Decimal Classification   Not For Loan Institute of Biological Sciences (IBSc) Library Institute of Biological Sciences (IBSc) Library   15/09/2014   571.6 MOL 2008 15/09/2014 C-1 Books